| 000 | 00973nam0a22002771 4500 | ||
|---|---|---|---|
| 001 | rc\4227481 | ||
| 005 | 20250612022402.0 | ||
| 021 |
_aRU _b[63-35126] |
||
| 035 | _a(NLR Aleph) 008462830 | ||
| 090 |
_a7880452 _c7880452 |
||
| 100 | _a20130416d1963 |||y0rusy50 ca | ||
| 101 | 0 | _arus | |
| 102 | _aRU | ||
| 105 | _aa z ||||| | ||
| 200 | 1 | _aШум производственного оборудования на нефтяных промыслах и мероприятия по его ограничению | |
| 210 |
_aБаку _cАзернешр _d1963 |
||
| 215 |
_a87 с. _cил. _d20 |
||
| 320 | _aБиблиогр.: с. 85-86 | ||
| 606 |
_aНефтепромысловое оборудование _xБорьба с шумом _2psbo |
||
| 700 | 1 |
_aАли-заде _bГ.М. |
|
| 701 | 1 |
_aТрифель _bН.Г. _gНаум Григорьевич |
|
| 801 | 0 |
_aRU _bNLR _gpsbo |
|
| 801 | 1 |
_aRU _bELAR _2rusmarc |
|
| 852 |
_aNLR _j63-4/8494 |
||
| 942 | _cBOOK | ||
| 980 | _aNB | ||